000 01702nam0a22003131 4500
001 rc\4833922
005 20130426141622.7
021 _aRU
_b[66-74262]
035 _a(NLR Aleph) 008890166
090 _a8637406
_c8637406
100 _a20130426d1966 |||y0rusy50 ca
101 0 _arus
102 _aRU
105 _aa z |||||
200 1 _aТеория и практика устройств для преобразования электроизмерительной информации
_e[Сборник статей
_fРед. коллегия: ...чл.-кор. АН УССР В.Н. Михайловский (отв. ред.) и др.]
210 _aКиев
_c[Наукова думка]
_d1966
215 _a247 с.
_cил.
_d20
225 1 _aАН УССР. Республиканский межведомственный сборник
_iОтбор и передача информации
_v[№ 6]
300 _aНа пер. загл.: Теория и практика для преобразования электроизмерительной информации
320 _aБиблиогр. в конце статей
517 0 _aТеория и практика для преобразования электроизмерительной информации
606 _aИнформационные системы, измерительные
_jСборники
_2psbo
606 _aЭлектроизмерительные приборы
_jСборники
_2psbo
702 1 _aМихайловский
_bВ. Н.
_gВладимир Николаевич
_4340
801 0 _aRU
_bNLR
_gpsbo
801 1 _aRU
_bELAR
_2rusmarc
852 _aNLR
_j66-3/5911
942 _cBOOK
980 _aNB